Geometry Dash famous demons - Statistics

General Stats
  • This quiz has been taken 721 times
    680 since last reset
  • The average score is 10 of 32
Answer Stats
Creator Level % Correct
Riot & More Bloodbath
88%
Zobros Nine Circles
86%
GW Jax The Nightmare
81%
Ggboy Cataclysm
70%
Timeless The Lightning Road
61%
TriAxis X
60%
Rek3dge Decode
45%
Caustic(Funnygame) Death Moon
44%
WOOGI1411 Windy Landscape
44%
ZenthicAlpha & More Supersonic
42%
Roadbose Ice Carbon Diablo X
33%
Andromeda & More The Ultimate Phase
33%
Zobros & Etzer 8o
30%
ZenthicAlpha Speed Racer
27%
Neptune Necropolis
25%
Andromeda Poltergeist
24%
Noobas Theory of Skrillex
24%
Neptune XStep V2
21%
ZenthicAlpha & More Ultrasonic
20%
Nox Stalemate
18%
Mask463 Crescendo
16%
Taman Motion
16%
Darnoc Ystep
15%
Zobros & TriAxis Forsaken Neon
12%
Lazerblitz Spacelocked
11%
Dorami Theory of Firepower
11%
Xaro Toxin Lab 2
10%
Noreiga Deadlocked V3
9%
Xaro Toxin Lab 3
9%
AncientAnubis El Dorado
7%
KrazyMan50 Rearmed
7%
Nether Skrillex Party
2%
No matching quizzes found
Score Distribution
Percent of People with Each Score
Percentile by Number Answered
Your Score History
You have not taken this quiz since the last reset